天地民心

資料類型: Book 圖書   書目號:42361

Leader xxxxxxxxxx
001 __ PCLIS00042361
005 __ 20091124144501.0
008 __  chi
010 0_ |a978-986-185-321-5|b上冊:平裝|dNT$280
010 0_ |a978-986-185-322-2|b中冊:平裝|dNT$280
010 0_ |a978-986-185-323-9|b下冊:平裝|dNT$280
042 __ |anbic
042 __ |anbic
042 __ |anbic
100 __ |a20090603d2009    k  y0chiy09      e
101 0_ |achi
102 __ |atw
105 __ |aa   z   000yy
200 1_ |a天地民心|e|f朱秀海著
205 __ |a初版
210 __ |a臺北市|c高寶國際臺灣分公司出版|c希代多媒體書版發行|d2009[民98]
215 0_ |a3冊|c|d21公分
225 2_ |a戲非戲|v79-81
260 1_ |a2009
300 __ |a
681 __ |a857.7|b2523|v增訂八版|yv.1
700 _1 |a|b秀海|4702 __ |a|b|4
801 _2 |aTW|bPTL|c20091031|gCCR
詳細館藏 1-3 筆 (共 3 筆)
索 書 號登 錄 號冊次號館別 / 館藏地流通類型狀態加入預約清單電子資源
857.7 / 8962 2017966 v1 圖書館 / 一樓普通區 可外借30天 在館   
857.7 / 8962 2017967 v2 圖書館 / 一樓普通區 可外借30天 在館   
857.7 / 8962 2017968 v3 圖書館 / 一樓普通區 可外借30天 在館   

| 條列資料




目錄查詢 分類查詢 個人資料 圖書薦購 新書查詢 閉館日 排行榜 更多電子資源 Hami書城 線上資料庫 登出

From : 216.73.217.52

  本日流通累計至 22:58:22 借閱 : 0 次 續借 : 0 次 歸還 : 0 次 預約 : 0 次 電子資源 : 0 次


內湖高中圖書館  PCLIS 版本  26.5.0.12